Statystyki dla Znane cytaty sławnych osób

Kliknij tutaj aby rozwiązać quiz!

Ogólne statystyki

  • Ten quiz został rozwiązany 159 razy
  • Średni wynik to 3 z 6

Statystyki odpowiedzi

CytatOsoba% Poprawnych
"Wstrzymał słońce, ruszył ziemię"Mikołaj Kopernik
97%
"To jest mały krok dla człowieka,
ale wielki skok dla ludzkości"

Neil Armstrong
81%
"Nie wiem, jaka broń będzie używana
podczas trzeciej wojny światowej, ale
myślę, że czwarta będzie na kije i kamienie"
Albert Einstein
47%
"Nie chcem, alę muszem"Lech Wałęsa
38%
"Wszystkie psy idą do Nieba"Karol Wojtyła/Jan Paweł 2
5%
"Kluczem do sukcesu jest porażka"Michael Jordan
0%

Rozkład punktacji

Percentyl według liczby udzielonych odpowiedzi

Procent ludzi z każdym wynikiem

Twoja historia wyników

Nie rozwiązałeś tego quizu